Informàtica i la gestió bibliotecària / Pere Carbó de Cala
Publicado:
Barcelona :
Diputació de Barcelona, Servei d'Ensenyament i Investigació : Escola d'Arts i Oficis, [198 - ?]
Descripción Física:
58 f. ; 30 cm
MARC
| LEADER | 00000nam a2200000Ia 4500 | ||
|---|---|---|---|
| 001 | 2012 | ||
| 008 | 160829s9999 xx 000 0 cat d | ||
| 080 | |a A-1-15 | ||
| 100 | |a Carbó de Cala, Pere |9 30992 | ||
| 245 | |a Informàtica i la gestió bibliotecària / Pere Carbó de Cala | ||
| 260 | |a Barcelona : |b Diputació de Barcelona, Servei d'Ensenyament i Investigació : |b Escola d'Arts i Oficis, [198 - ?] | ||
| 300 | |a 58 f. ; |c 30 cm | ||
| 650 | |a Biblioteques |x Automatització |9 30993 | ||
| 650 | |a Biblioteques |x Informàtica |9 30994 | ||
| 710 | 1 | |a Barcelona (Catalunya : Província). |b Servei d'Ensenyament i Investigació |9 54366 | |
| 901 | |a Arxiu | ||
| 942 | |n 1 | ||
| 952 | |0 0 |1 0 |4 0 |6 A115 |7 1 |9 45592 |a Arxiu |b Arxiu |d 2016-12-01 |l 0 |o A-1-15 |p 2012 |r 2016-12-01 00:00:00 |w 2016-12-01 |y ARXIU | ||
| 999 | |c 48760 |d 48760 | ||